|
|
|
|
| LEADER |
00000nam a22000007a 4500 |
| 003 |
Ucuenca |
| 005 |
20230308230256.0 |
| 008 |
181112b1988 sp ||||| |||| 00| 0 spa d |
| 020 |
|
|
|a 84-7009-072-0
|
| 040 |
|
|
|b spa
|
| 041 |
0 |
|
|a es
|
| 082 |
0 |
|
|a 463
|
| 100 |
1 |
|
|9 230693
|a Eseverri Hualde, Crisóstomo
|
| 245 |
|
|
|a Diccionario etimológico de helenismos españoles
|c Crisóstomo Eseverri Hualde
|h imp
|
| 250 |
|
|
|a 4a ed.
|
| 264 |
|
|
|a Burgos
|b Aldecoa
|c 1988
|
| 300 |
|
|
|a 727 páginas:
|c 16.5 cm
|
| 650 |
|
0 |
|9 9451
|a Diccionario etimologico
|
| 650 |
|
0 |
|9 230694
|a Helenismos españoles
|
| 942 |
|
|
|2 ddc
|c BK
|z bladimir.cabrerar@ucuenca.edu.ec
|
| 999 |
|
|
|c 155955
|d 155955
|